El periodista en Colombia : (Registro nro. 15354)
[ vista simple ]
| 000 -CABECERA | |
|---|---|
| campo de control de longitud fija | 00782cam a2200241 a 4500 |
| 001 - NÚMERO DE CONTROL | |
| campo de control | 000015808 |
| 005 - FECHA Y HORA DE LA ÚLTIMA TRANSACCIÓN | |
| campo de control | 20200929164148.0 |
| 008 - DATOS DE LONGITUD FIJA--INFORMACIÓN GENERAL | |
| campo de control de longitud fija | 880607s1987 ck 001 0 spa d |
| 020 ## - NÚMERO INTERNACIONAL ESTÁNDAR DEL LIBRO | |
| Número Internacional Estándar del Libro | 9589164013 |
| 040 ## - FUENTE DE LA CATALOGACIÓN | |
| Centro catalogador/agencia de origen | DO-SdBNP |
| Lengua de catalogación | spa |
| Centro/agencia transcriptor | BNPHU |
| Centro/agencia modificador | UIU |
| -- | DLC |
| 082 ## - NÚMERO DE LA CLASIFICACIÓN DECIMAL DEWEY | |
| Número de clasificación | 070.4 |
| Número de documento/Ítem | I68p |
| 049 ## - FONDOS LOCALES (OCLC) | |
| Fondos de biblioteca | BNGR |
| 100 1# - ENTRADA PRINCIPAL--NOMBRE DE PERSONA | |
| Nombre de persona | Iriarte M., Fernando |
| Forma completa/desarrollada del nombre | (Iriarte Martinez) |
| Fechas asociadas al nombre | 1964- |
| 9 (RLIN) | 35569 |
| 245 13 - MENCIÓN DE TÍTULO | |
| Título | El periodista en Colombia : |
| Resto del título | derechos y responsabilidades / |
| Mención de responsabilidad, etc. | Fernando Iriarte. |
| 260 ## - PUBLICACIÓN, DISTRIBUCIÓN, ETC. | |
| Lugar de publicación, distribución, etc. | Bogotá : |
| Nombre del editor, distribuidor, etc. | Arrayán, |
| Fecha de publicación, distribución, etc. | 1987. |
| 300 ## - DESCRIPCIÓN FÍSICA | |
| Extensión | 100 p. ; |
| Dimensiones | 19 cm. |
| 490 1# - MENCIÓN DE SERIE | |
| Mención de serie | El alacrán prensado |
| 500 ## - NOTA GENERAL | |
| Nota general | Incluye indice. |
| 650 #4 - PUNTO DE ACCESO ADICIONAL DE MATERIA--TÉRMINO DE MATERIA | |
| Término de materia o nombre geográfico como elemento de entrada | Periodismo |
| Subdivisión geográfica | Colombia |
| 9 (RLIN) | 35567 |
| 650 #4 - PUNTO DE ACCESO ADICIONAL DE MATERIA--TÉRMINO DE MATERIA | |
| Término de materia o nombre geográfico como elemento de entrada | Prensa |
| Subdivisión general | Legislación |
| Subdivisión geográfica | Colombia |
| 9 (RLIN) | 35570 |
| 830 #0 - PUNTO DE ACCESO ADICIONAL DE SERIE-TÍTULO UNIFORME | |
| Título uniforme | El alacrán prensado. |
| 9 (RLIN) | 35571 |
| 910 ## - DATOS DE OPCIÓN DEL USUARIO (OCLC) | |
| Datos de opción del usuario | Catalogación por copia / LC |
| Estado de retiro | Estado de pérdida | Restricciones de uso | No para préstamo | Código de colección | Localización permanente | Ubicación/localización actual | Ubicación en estantería | Fecha de adquisición | Número de inventario | Total de préstamos | Signatura topográfica completa | Código de barras | Fecha visto por última vez | Precio válido a partir de | Tipo de ítem Koha |
|---|---|---|---|---|---|---|---|---|---|---|---|---|---|---|---|
| Préstamo interno | Monografías: Libros y Folletos | General | General | En catalogación | 18.02.2010 | LF1 | 070.4 I68p | 15808-10 | 25.06.2020 | 25.06.2020 | Préstamo interno |
